000
00260nam a2200097Ia 4500
001
1228977
005
20250827093052.0
008
250824s9999 xx 000 0 und d
245
0
_a
ANLAT BANA
_c
SUE LİMB
260
_b
ALTIN KİTAPLAR YAYINLARI
999
_c
1228977
_d
1228977